00488nam a2200181 a 4500001001300000003000900013005001700022008004100039020001000080082001600090245001600106260004700122300000900169500003500178505003300213650002700246710003300273nice12345678IN_TiNIC20260116011317.0050524s1947 mada grp 000 0 ara  ac10000a232.9bCLS1 aBest Friend aMadrasbChristian Literature Societyc1947 a110p aincludes index and biblioraphy2 aBound one Volumes Part 1 & 2 aJesus Christ-Biography2 aChristian Literature Society